| 000 | 00652nam a22001937a 4500 | ||
|---|---|---|---|
| 999 |
_c164263 _d164263 |
||
| 005 | 20190515110804.0 | ||
| 010 | _aUR-10119 | ||
| 020 |
_c400.00 _a9789387539228 |
||
| 035 | _aU-8674 | ||
| 037 | _bDBAD/PUB | ||
| 082 | _a808.88 | ||
| 100 | _aکو ثر مظہر ی | ||
| 245 |
_aا ر تسا م _cکو ثر مظہر ی |
||
| 246 |
_bIrtisaam(LiteraryArticles)(Urdu) _aby Kausar Mazhari |
||
| 260 |
_a Delhi _bEducational Publishing House _c2017 ء |
||
| 270 |
_a3191،Vakil Street,Kucha Pandit,Lal Kuan, _bDelhi _e110006 _k23216162 _l00911123211540 |
||
| 300 |
_a464ص _c22 Cm.(bk) |
||
| 942 |
_2ddc _cUR _h808.88 _mک و ث |
||